Supreme court index of cases : (Record no. 15309)
[ view plain ]
| 000 -LEADER | |
|---|---|
| fixed length control field | 00995nam a22002532 4500 |
| 001 - CONTROL NUMBER | |
| control field | 0000025265 |
| 005 - DATE AND TIME OF LATEST TRANSACTION | |
| control field | 20151217161204.0 |
| 008 - FIXED-LENGTH DATA ELEMENTS--GENERAL INFORMATION | |
| fixed length control field | 150416s xx 000 0 eng d |
| 020 ## - INTERNATIONAL STANDARD BOOK NUMBER | |
| International Standard Book Number | 9350286602 : |
| 040 ## - CATALOGING SOURCE | |
| Original cataloging agency | KABU |
| Transcribing agency | KABU |
| 100 1# - MAIN ENTRY--PERSONAL NAME | |
| Personal name | Malik, Surendra. |
| -- | 0000185738 |
| 245 10 - TITLE STATEMENT | |
| Title | Supreme court index of cases : |
| Remainder of title | 1952-2011 with cross-citations / |
| Statement of responsibility, etc. | by Surendra Malik, Sumeet Malik. |
| 260 ## - PUBLICATION, DISTRIBUTION, ETC. (IMPRINT) | |
| Place of publication, distribution, etc. | Lucknow : |
| Name of publisher, distributor, etc. | Eastern Book Company, |
| Date of publication, distribution, etc. | 2012. |
| 300 ## - PHYSICAL DESCRIPTION | |
| Extent | viii, 1389 p. |
| 650 #0 - SUBJECT ADDED ENTRY--TOPICAL TERM | |
| Topical term or geographic name as entry element | Court cases |
| General subdivision | Index. |
| -- | 0000185786 |
| 700 1# - ADDED ENTRY--PERSONAL NAME | |
| Personal name | Malik, Sumeet. |
| -- | 0000185787 |
| 852 1# - LOCATION | |
| -- | p9850 KES |
| 852 1# - LOCATION | |
| -- | p9850 KES |
| 852 1# - LOCATION | |
| -- | p9850 KES |
| 852 1# - LOCATION | |
| -- | p9850 KES |
| 852 1# - LOCATION | |
| -- | p9850 KES |
| 908 ## - PUT COMMAND PARAMETER (RLIN) | |
| Put command parameter | 150416 |
| 950 ## - LOCAL HOLDINGS (RLIN) | |
| -- | 1 |
| Withdrawn status | Lost status | Source of classification or shelving scheme | Not for loan | Home library | Current library | Date acquired | Total Checkouts | Full call number | Barcode | Date last seen | Price effective from | Koha item type |
|---|---|---|---|---|---|---|---|---|---|---|---|---|
| Library of Congress Classification | Not For Loan | Kabarak, Main Campus | Kabarak, Main Campus | 17/12/2015 | KNS18.5 .Z8M35 2012 c. 2 | 017765 | 17/12/2015 | 17/12/2015 | Reference | |||
| Library of Congress Classification | Not For Loan | Kabarak, Main Campus | Kabarak, Main Campus | 17/12/2015 | KNS18.5 .Z8M35 2012 c. 3 | 017766 | 17/12/2015 | 17/12/2015 | Reference | |||
| Library of Congress Classification | Not For Loan | Kabarak, Main Campus | Kabarak, Main Campus | 17/12/2015 | KNS18.5 .Z8M35 2012 c. 4 | 017767 | 17/12/2015 | 17/12/2015 | Reference | |||
| Library of Congress Classification | Not For Loan | Kabarak, Main Campus | Kabarak, Main Campus | 17/12/2015 | KNS18.5 .Z8M35 2012 c. 5 | 017768 | 17/12/2015 | 17/12/2015 | Reference | |||
| Library of Congress Classification | Not For Loan | Kabarak, Main Campus | Kabarak, Main Campus | 17/12/2015 | KNS18.5 .Z8M35 2012 c. 1 | 016810 | 17/12/2015 | 17/12/2015 | Reference |